| 000 | 00603nmc a2200241 a 4500 | ||
|---|---|---|---|
| 003 | AR-BaBNM | ||
| 005 | 20251128203932.0 | ||
| 008 | 205019s1979 ||||||||||||||000 | spa|| | ||
| 020 | _a84-7046-082-X | ||
| 040 | _cAR-BaBNM | ||
| 100 | 1 | _aFeo, Herminia | |
| 245 | 1 | 0 | _aPrehistoria |
| 260 |
_aMadrid _bCincel-Kapelusz _c1979 |
||
| 300 | 0 | _a79 p. | |
| 490 | 0 | _aCuadernos de estudio. Historia universal | |
| 650 | 4 | _aPREHISTORIA | |
| 650 | 4 | _aERAS GEOLOGICAS | |
| 650 | 4 | _aHOMBRE PREHISTORICO | |
| 650 | 4 | _aARTE PREHISTORICO | |
| 650 | 4 | _aRELIGIONES PRIMITIVAS | |
| 942 | _cBK | ||
| 998 | _cEthel | ||
| 999 |
_c5534 _d5534 |
||